000 01112nam a22003137a 4500
003 CHAP
005 20220817041517.0
008 971013s1984 r 00010 d
010 _a16596
011 _a17568
035 _a21651
040 _cCHAP
090 _aTesis
100 0 0 _aJacobo Cuéllar, Juan Luis.
_960845
245 _aNemátodos asociados al frijol (Phaseolus vulgaris L.) y evaluación de daños al cultivo, en Tenextepango, Mor.
260 _aChapingo, Méx., :
_bEl autor,
_c1984
300 _a64 h.
_b; gráfs. : ilus
502 _aTesis (Ing. Agr. Esp. en Parasitología Agrícola) -- UACH. Departamento de Parasitología Agrícola
590 _aALEPH
_b10
_c20130110
_lUCH01
_h1239
590 _aBATCH-UPD
_b10
_c20130110
_lUCH01
_h1900
590 _aBATCH-UPD
_b10
_c20130410
_lUCH01
_h1228
590 _aBATCH-UPD
_b10
_c20130914
_lUCH01
_h1439
590 _aCONVERSION
_b10
_c20130109
_lUCH01
_h1310
650 1 4 _aFrijol
_xEnfermedades por nemátodos.
_943370
650 1 4 _aNemátodos parásitos de plantas.
901 _aBK
942 _cTESIS
949 _bBC
_cTES
_d-50344
_eTS1
_i21651
_si
999 _c16596
_d16596